| 000 | 00734 a2200217 4500 | ||
|---|---|---|---|
| 001 | 41931 | ||
| 005 | 20260407155710.0 | ||
| 008 | 260407a1977 arg spa d | ||
| 003 | AR-UNSa-BCEJYS | ||
| 040 |
_aAR-UNSa-BCEJYS _bspa _cAR-UNSa-BCEJYS |
||
| 080 |
_a165 _xTeoría del conocimiento. Epistemología |
||
| 245 | 1 | 0 | _aTeoría del conocimiento |
| 250 | _a16a. ed. | ||
| 264 | 1 |
_aBuenos Aires : _bLosada _c1977 |
|
| 300 |
_a157 p. _c17 cm. |
||
| 505 | _a1. La posibilidad del conocimiento - 2. El origen del conocimiento - 3. La esencia del conocimiento - 4. Las especies del conocimiento - 5. El criterio de la verdad - | ||
| 041 | _aspa | ||
| 942 | _cBK | ||
| 590 | _aniveau_biblio:m niveau_hierar:0 | ||
| 100 | 1 | _aHessen, J. | |
| 999 |
_c3549 _d3549 |
||